NFL Offensive Players of the Year - Statistics

General Stats
  • This quiz has been taken 299 times
  • The average score is 37 of 49
Answer Stats
Year Team Position Answer % Correct
2020 Tennessee Titans RB Derrick Henry
97%
2018 Kansas City Chiefs QB Patrick Mahomes
97%
2015 Carolina Panthers QB Cam Newton
96%
2008 New Orleans Saints QB Drew Brees
96%
2011 New Orleans Saints QB Drew Brees
96%
2007 New England Patriots QB Tom Brady
96%
2010 New England Patriots QB Tom Brady
96%
2016 Atlanta Falcons QB Matt Ryan
95%
2019 New Orleans Saints WR Michael Thomas
95%
2004 Indianapolis Colts QB Peyton Manning
95%
2013 Denver Broncos QB Peyton Manning
95%
1991 Buffalo Bills RB Thurman Thomas
94%
1987 San Francisco 49ers WR Jerry Rice
92%
1993 San Francisco 49ers WR Jerry Rice
92%
2012 Minnesota Vikings RB Adrian Peterson
90%
1994 Detroit Lions RB Barry Sanders
90%
1997 Detroit Lions RB Barry Sanders
90%
1989 San Francisco 49ers QB Joe Montana
89%
2006 San Diego Chargers RB LaDainian Tomlinson
89%
1995 Green Bay Packers QB Brett Favre
88%
2017 Los Angeles Rams RB Todd Gurley
88%
1992 San Francisco 49ers QB Steve Young
86%
1984 Miami Dolphins QB Dan Marino
83%
1999 St Louis Rams RB Marshall Faulk
83%
2000 St Louis Rams RB Marshall Faulk
83%
2001 St Louis Rams RB Marshall Faulk
83%
2005 Seattle Seahawks RB Shaun Alexander
77%
2009 Tennessee Titans RB Chris Johnson
76%
1977 Chicago Bears RB Walter Payton
74%
1990 Houston Oilers QB Warren Moon
74%
1986 Los Angeles Rams RB Eric Dickerson
73%
1973 Buffalo Bills RB O. J. Simpson
69%
1996 Denver Broncos RB Terrell Davis
65%
1998 Denver Broncos RB Terrell Davis
65%
1975 Minnesota Vikings QB Fran Tarkenton
62%
1983 Washington Redskins QB Joe Theismann
62%
2014 Dallas Cowboys RB DeMarco Murray
61%
1978 Houston Oilers RB Earl Campbell
60%
1979 Houston Oilers RB Earl Campbell
60%
1980 Houston Oilers RB Earl Campbell
60%
2003 Baltimore Ravens RB Jamal Lewis
57%
1985 Los Angeles Raiders RB Marcus Allen
57%
2002 Kansas City Chiefs RB Priest Holmes
55%
1982 San Diego Chargers QB Dan Fouts
53%
1981 Cincinnati Bengals QB Ken Anderson
48%
1974 Oakland Raider QB Ken Stabler
47%
1988 San Francisco 49ers RB Roger Craig
37%
1976 Baltimore Colts QB Bert Jones
30%
1972 Washington Redskins RB Larry Brown
27%
No matching quizzes found
Score Distribution
Percent of People with Each Score
Percentile by Number Answered
Your Score History
You have not taken this quiz